| 000 | 00679nam a2200229Ia 4500 | ||
|---|---|---|---|
| 003 | GCL | ||
| 008 | 140319s9999 xx 000 0 ara d | ||
| 040 |
_aGCL / _cGCL |
||
| 082 | 0 | 4 |
_a813.081 _bج ح |
| 100 | 1 | _aجرجى زيدان | |
| 245 | 1 | 0 |
_aالحجاج بن يوسف / _cجرجى زيدان |
| 250 | _aالثانية | ||
| 260 |
_aبيروت : _bدار الجيل |
||
| 300 |
_a208 ص ؛ _c19 سم |
||
| 490 |
_aروايات تاريخ الاسلام _v0 |
||
| 650 | 0 | 4 | _aالادب العربى |
| 650 | 0 | 4 | _aالقصص العربية |
| 650 | 0 | 4 | _aالاسلام |
| 650 | 0 | 4 | _aالقصص التاريخية |
| 650 | 0 | 4 | _aالمجموعات |
| 942 |
_2ddc _cBK |
||
| 999 |
_c55845 _d55845 |
||